00863 2200265 4500001002100000005001500021035002000036007000300056008004100059020002200100082001100122084001700133100001800150245015500168250001000323260002800333300003600361500008900397650002400486700001800510700001600528504003100544990001100575990001100586INLIS00000000000386920190802103316 a0010-0819000012ta190802 g 0 ind  a978-602-9212-27-3 a920.02 a920.02 ROS j0 aROSTON, Miles1 aJejak-Jejak Pengubah Dunia :bKisah-Kisah Inspirasi Para Pahlawan Dunia Di Jalan Sunyi /cMiles Roston; alih bahasa, Debby Lukito; editor, A. Mellyora acet.1 aSolo :bMetagraf,c2012 axviii, 470 hlm :bilus ;c20 cm aJudul asli: Making Word of Difference: Inspiring Stories of The Word's Unsung Heroes 4aBIOGRAFI. INSPIRASI0 aDEBBY, Lukito0 aMELLYORA, A aBibliografi.: hlm. 469-470 a5436 a a5436 b